LEADER 00997nas a2200253 i 4500 001 000000253293 003 CaOOAMICUS 005 20180406000000.0 008 170313b2017 xxuuu u0 0eng r 013 $a232198 040 $aSeMil$bita 245 10$a[2017]. 260 $a[U.S.A.] :$bThe American Catholic Philosophical Association,$ccopyr. 2017. 300 $a758 p., [1] c. di ritratto ;$c23 cm. 500 $aArticoli con sintesi in inglese [Abstract] in testa. - Contiene : A Dietrich von Hildebrand Bibliography. 774 0 $tWinter.$w()290694 774 0 $tSpring.$w()290913 774 0 $tSummer.$w()291415 774 0 $tDietrich von Hildebrand. - Contiene.$w()291777 850 $aSeMil 852 $aSeMil$W1$xVenegono$y1$m7 3 30$j203639$B203639$CSeMilBibl$Z2$F221939 $85 961 $aCambio: Scuola Cattolica 996 $6245$a[2017]$9(OLS)http://semarc/title/353788 996 $6260$a[U.S.A.] :$bThe American Catholic Philosophical Association$9(OLS)http://semarc/publisher/30384 LEADER 01011nam a2200265 i 4500 001 000000067004 003 CaOOAMICUS 005 20090305000000.0 008 090305s1954 it u000 u ita u 013 $a38176 040 $aSeMil$bita 100 1 $aGramsci, Antonio,$d<1891-1937>.$0(OLS)http://semarc/name/261 245 10$aPassato e presente /$cAntonio Gramsci. 250 $a[4. ed.]. 260 $aTorino :$bGiulio Einaudi,$c1954. 300 $aXVII, 274 p. ;$c22 cm. 490 0 $aOpere di Antonio Gramsci ;$v7 650 4$aPolitica.$0(OLS)http://semarc/subject/3044 650 4$aCultura.$0(OLS)http://semarc/subject/5616 830 0$aOpere di Antonio Gramsci ;$v7.$0(OLS)http://semarc/title/2218 850 $aSeMil 852 $aSeMil$W1$xVenegono$y1$m2P VI 137$j33157$B33157$CSeMilBibl$Z2$F33160 $81 961 $aLascito: Bidoglio don Maurizio 996 $6245$aPassato e presente$9(OLS)http://semarc/title/13194 996 $6260$aTorino :$bGiulio Einaudi$9(OLS)http://semarc/publisher/29810